Riadenie firmy je ako pasenie mačiek v silnej búrke
Problematika riadenia firmy v dnešných časoch. Dôležitosť hodnôt, kultúry a DNA firmy. Transformácia vo svete. Trendy v riadení.
Salvato in:
| Autore principale: | |
|---|---|
| Natura: | Capitolo di libro |
| Lingua: | slovacco |
| Soggetti: | |
| Tags: |
Nessun Tag, puoi essere il primo ad aggiungerne!!
|
MARC
| LEADER | 00000naa a2200000 4500 | ||
|---|---|---|---|
| 001 | 0196388 | ||
| 005 | 20231113101903.2 | ||
| 041 | 0 | |a slo | |
| 044 | |a SK | ||
| 245 | 1 | 0 | |a Riadenie firmy je ako pasenie mačiek v silnej búrke |c Ján Košturiak |
| 520 | |a Problematika riadenia firmy v dnešných časoch. Dôležitosť hodnôt, kultúry a DNA firmy. Transformácia vo svete. Trendy v riadení. | ||
| 610 | 2 | 0 | |a riadenie podnikové |
| 610 | 2 | 0 | |a manažment |
| 610 | 2 | 0 | |a hodnota |
| 610 | 2 | 0 | |a kultúra |
| 610 | 2 | 0 | |a vedomosti |
| 610 | 2 | 0 | |a zákazníci |
| 100 | 1 | |a Košturiak, Ján | |